[Event "Kavala GRE, 20th Open"]
[Site "Kavala GRE"]
[Date "2011.08.03"]
[Round "6"]
[White "Socko, M."]
[Black "Tchantcev, C."]
[Result "1-0"]
[WhiteElo "2490"]
[BlackElo "2283"]
[PlyCount "83"]
[EventDate "2011.07.30"]
[EventRounds "9"]
[EventCountry "GRE"]

1. e4 d6 2. d4 g6 3. Nc3 Bg7 4. Be3 c6 5. a4 Nf6 6. h3 Nbd7 7. g4 Qa5 8. Bg2
Nb6 9. Nge2 d5 10. e5 Ne4 11. O-O Nxc3 12. Nxc3 Nc4 13. Bc1 h5 14. g5 Bf5 15.
Ne2 h4 16. b3 Nb6 17. Bd2 Qa6 18. Nf4 Nd7 19. a5 e6 20. b4 b6 21. Bf3 Qb7 22.
c4 b5 23. cxb5 cxb5 24. Bg4 Rc8 25. Bxf5 gxf5 26. Rc1 Rc4 27. Rxc4 bxc4 28. Kh2
Qb5 29. Rg1 Nf8 30. g6 fxg6 31. Nxg6 Rh7 32. Qf3 Nxg6 33. Rxg6 Kf7 34. Qg2 c3
35. Bxc3 Qc6 36. Bd2 Qc2 37. Rxe6 f4 38. Qxd5 Qxd2 39. Rf6+ Ke7 40. Qd6+ Ke8
41. Qc6+ Ke7 42. Qc7+ 1-0

[Event "Kavala GRE, 20th Open"]
[Site "Kavala GRE"]
[Date "2011.08.03"]
[Round "6"]
[White "Solak, D."]
[Black "Sandipan, C."]
[Result "1/2-1/2"]
[WhiteElo "2598"]
[BlackElo "2656"]
[PlyCount "31"]
[EventDate "2011.07.30"]
[EventRounds "9"]
[EventCountry "GRE"]

1. e4 e5 2. Nf3 Nc6 3. Bb5 a6 4. Bxc6 dxc6 5. O-O Bg4 6. h3 h5 7. d3 Qf6 8.
Nbd2 Ne7 9. Re1 Ng6 10. d4 Rd8 11. dxe5 Qe7 12. Qe2 Nxe5 13. Qe3 Bxf3 14. Nxf3
Qc5 15. Qxc5 Nxf3+ 16. gxf3 1/2-1/2

[Event "Kavala GRE, 20th Open"]
[Site "Kavala GRE"]
[Date "2011.08.03"]
[Round "6"]
[White "Tzintzios, G."]
[Black "Markidis, K."]
[Result "1/2-1/2"]
[WhiteElo "2174"]
[BlackElo "2330"]
[PlyCount "100"]
[EventDate "2011.07.30"]
[EventRounds "9"]
[EventCountry "GRE"]

1. e4 e6 2. d4 d5 3. Nc3 Nf6 4. Bg5 Bb4 5. e5 h6 6. Be3 Ne4 7. Qg4 g6 8. Bd3
Nxc3 9. a3 Ba5 10. Bd2 Na4 11. Bxa5 Nxb2 12. h4 Nc6 13. Bd2 Nxd3+ 14. cxd3 Qe7
15. Ne2 Bd7 16. h5 g5 17. f4 gxf4 18. Qxf4 O-O-O 19. O-O Rh7 20. Be1 Qg5 21.
Bh4 Qxf4 22. Rxf4 Rg8 23. Raf1 Rhg7 24. g3 Be8 25. Kf2 f5 26. exf6 Rh7 27. g4
e5 28. dxe5 Nxe5 29. Ke3 Nxg4+ 30. Kd4 Bxh5 31. Ng3 c5+ 32. Kxc5 Bf7 33. Nf5
Ne5 34. Kd4 Nc6+ 35. Kc3 Kd7 36. Re1 Rg2 37. Nd4 h5 38. Nxc6 Kxc6 39. Kd4 Rg8
40. Re7 Re8 41. Ke5 Rxe7+ 42. fxe7 Be8 43. Rf6+ Kc7 44. Rd6 Bd7 45. Rxd5 Rh6
46. Kd4 b6 47. Bg3+ Kc6 48. Re5 Be8 49. Re1 Kd7 50. Bh4 Bg6 1/2-1/2

[Event "Kavala GRE, 20th Open"]
[Site "Kavala GRE"]
[Date "2011.08.03"]
[Round "6"]
[White "Vafiadis Kleanthis, K."]
[Black "Ashwin, J."]
[Result "0-1"]
[WhiteElo "2301"]
[BlackElo "2449"]
[PlyCount "162"]
[EventDate "2011.07.30"]
[EventRounds "9"]
[EventCountry "GRE"]

1. d4 d6 2. Nf3 Nf6 3. Nbd2 Bf5 4. Nh4 Bd7 5. e4 e5 6. dxe5 dxe5 7. g3 g6 8.
Bg2 Bb5 9. c4 Bd7 10. b3 Nc6 11. O-O Bc5 12. a3 a5 13. Nb1 Bg4 14. Qxd8+ Rxd8
15. Bg5 Rd6 16. Nc3 Nh5 17. b4 Bd4 18. Nb5 Rd7 19. Nxd4 Nxd4 20. Rfb1 a4 21.
Rb2 f6 22. Be3 Kf7 23. Bf1 Rhd8 24. h3 Be6 25. Kg2 Nb3 26. Re1 Rd1 27. Rb1 R1d7
28. Nf3 Ng7 29. c5 c6 30. g4 g5 31. Be2 Ne8 32. Rbd1 Nc7 33. Rxd7+ Rxd7 34.
Bxg5 fxg5 35. Nxe5+ Ke7 36. Nxd7 Bxd7 37. h4 h6 38. hxg5 hxg5 39. Rh1 Ne6 40.
Rh7+ Kd8 41. Rh8+ Kc7 42. Ra8 Nf4+ 43. Kf1 Nd2+ 44. Ke1 Nxe4 45. f3 Nc3 46. Bd1
Be6 47. Bc2 Bb3 48. Bf5 Be6 49. Re8 Kd7 50. Rb8 Kc7 51. Re8 Bxf5 52. gxf5 Nfd5
53. Rg8 Nb5 54. Rg7+ Kc8 55. Rg8+ Kd7 56. Rg7+ Ke8 57. Rxb7 Nxa3 58. Ra7 Nc2+
59. Kd2 Ncxb4 60. Rxa4 Kf7 61. Ra8 Kf6 62. Rf8+ Ke5 63. Ke2 Nf6 64. Rb8 Nbd5
65. Rc8 Ne7 66. Rc7 Nxf5 67. Kf2 Nd4 68. Kg3 Nd5 69. Rc8 Nf4 70. Rd8 Nfe6 71.
Ra8 Kd5 72. Ra5 Kc4 73. Kg4 Kb4 74. Ra8 Kxc5 75. Re8 Kd5 76. Ra8 c5 77. Ra4 c4
78. Ra5+ Kc6 79. Ra8 c3 80. Ra3 c2 81. Rc3+ Kb5 0-1

[Event "Kavala GRE, 20th Open"]
[Site "Kavala GRE"]
[Date "2011.08.03"]
[Round "6"]
[White "Zarkua, D."]
[Black "Halkias, S."]
[Result "1/2-1/2"]
[WhiteElo "2433"]
[BlackElo "2600"]
[PlyCount "68"]
[EventDate "2011.07.30"]
[EventRounds "9"]
[EventCountry "GRE"]

1. d4 f5 2. Nf3 Nf6 3. g3 g6 4. Bg2 Bg7 5. O-O O-O 6. Nbd2 Nc6 7. c3 Kh8 8. Qb3
e6 9. Re1 d5 10. Ng5 h6 11. Nh3 Qe8 12. Nf4 g5 13. Nd3 b6 14. Nf3 Ne4 15. Nfe5
Nxe5 16. Nxe5 Bxe5 17. dxe5 Bb7 18. Qc2 Rd8 19. f3 Nc5 20. Be3 Nd7 21. c4 c5
22. cxd5 Bxd5 23. Bd2 Qe7 24. a3 Nb8 25. Rad1 Nc6 26. Bc3 f4 27. Qg6 Qg7 28.
Qxg7+ Kxg7 29. gxf4 gxf4 30. Bh3 Kf7 31. Kf2 Rg8 32. Bg4 a5 33. Rg1 Ke7 34. Bh5
b5 1/2-1/2

[Event "Kavala GRE, 20th Open"]
[Site "Kavala GRE"]
[Date "2011.08.03"]
[Round "6"]
[White "Zysk, R."]
[Black "Stathopoulos, I."]
[Result "0-1"]
[WhiteElo "2437"]
[BlackElo "2122"]
[PlyCount "84"]
[EventDate "2011.07.30"]
[EventRounds "9"]
[EventCountry "GRE"]

1. d4 Nf6 2. Nf3 g6 3. c4 Bg7 4. g3 O-O 5. Bg2 d6 6. O-O Nbd7 7. Nc3 e5 8. e4
c6 9. b3 a6 10. Ba3 exd4 11. Nxd4 Qa5 12. Bb2 Rb8 13. h3 Re8 14. Qc2 c5 15.
Nde2 b5 16. cxb5 axb5 17. Nf4 Nb6 18. Rfd1 b4 19. Ncd5 Nfxd5 20. Nxd5 Bxb2 21.
Qxb2 Nxd5 22. Rxd5 Qc7 23. Rad1 Rb6 24. Qf6 Re6 25. Qf4 Bb7 26. R5d2 Qe7 27. f3
Kg7 28. h4 h6 29. Bh3 Rf6 30. Qe3 Qe5 31. Kh2 Ra6 32. Bf1 Ra8 33. Bc4 g5 34. h5
d5 35. Bxd5 Bxd5 36. Rxd5 Rxa2+ 37. R1d2 Rxd2+ 38. Qxd2 Qe7 39. Qd3 Qa7 40. Kh3
Qa1 41. Rxc5 Qh1+ 42. Kg4 Rf4+ 0-1

[Event "Kavala GRE, 20th Open"]
[Site "Kavala GRE"]
[Date "2011.08.04"]
[Round "7"]
[White "Ashwin, J."]
[Black "Kanmazalp, O."]
[Result "1-0"]
[WhiteElo "2449"]
[BlackElo "2412"]
[PlyCount "81"]
[EventDate "2011.07.30"]
[EventRounds "9"]
[EventCountry "GRE"]

1. d4 Nf6 2. c4 g6 3. Nc3 Bg7 4. e4 d6 5. Be2 O-O 6. Bg5 c5 7. d5 h6 8. Be3 e6
9. Qd2 exd5 10. exd5 Kh7 11. h3 Re8 12. Bd3 Nbd7 13. Nf3 a6 14. a4 Ne5 15. Nxe5
Rxe5 16. a5 Bd7 17. O-O Nh5 18. Ne2 f5 19. Nf4 Nf6 20. b4 Ne4 21. Bxe4 Rxe4 22.
Rab1 g5 23. Ne6 Bxe6 24. dxe6 Rxe6 25. bxc5 dxc5 26. Qxd8 Rxd8 27. Rxb7 Rc6 28.
Rb6 Rxb6 29. axb6 Bf8 30. b7 Rb8 31. Rb1 a5 32. f4 Be7 33. fxg5 hxg5 34. h4 f4
35. Bc1 a4 36. hxg5 Bxg5 37. Kf2 Bh6 38. Rb6 Bg5 39. Kf3 Kg7 40. Bb2+ Kf7 41.
Be5 1-0

[Event "Kavala GRE, 20th Open"]
[Site "Kavala GRE"]
[Date "2011.08.04"]
[Round "7"]
[White "Atalik, S."]
[Black "Galopoulos, N."]
[Result "1-0"]
[WhiteElo "2619"]
[BlackElo "2327"]
[PlyCount "63"]
[EventDate "2011.07.30"]
[EventRounds "9"]
[EventCountry "GRE"]

1. d4 Nf6 2. c4 e6 3. g3 d5 4. Bg2 dxc4 5. Nf3 c6 6. Bg5 b5 7. Bxf6 Qxf6 8. Ne5
Bb7 9. O-O Bd6 10. Nc3 Qe7 11. Ne4 f6 12. Nxd6+ Qxd6 13. Ng4 Nd7 14. e4 O-O-O
15. a4 a6 16. Ne3 Nb6 17. axb5 axb5 18. Qg4 Qxd4 19. Qxg7 Qxb2 20. Ra7 Nd7 21.
Bh3 Qe5 22. Nxc4 Qd4 23. Bxe6 Qxa7 24. Bxd7+ Kb8 25. Qxf6 Ba8 26. Bxc6 Bxc6 27.
Qxc6 Qb7 28. Na5 Qxc6 29. Nxc6+ Kc7 30. Nxd8 Rxd8 31. e5 Kc6 32. Rc1+ 1-0

[Event "Kavala GRE, 20th Open"]
[Site "Kavala GRE"]
[Date "2011.08.04"]
[Round "7"]
[White "Bartel, M."]
[Black "Solak, D."]
[Result "1/2-1/2"]
[WhiteElo "2611"]
[BlackElo "2598"]
[PlyCount "96"]
[EventDate "2011.07.30"]
[EventRounds "9"]
[EventCountry "GRE"]

1. e4 c6 2. d4 d5 3. e5 Bf5 4. Nd2 e6 5. Nb3 Nd7 6. Nf3 Ne7 7. Be2 Bg6 8. O-O
Nf5 9. Bd2 Be7 10. g4 Nh4 11. Nxh4 Bxh4 12. f4 f5 13. exf6 Qxf6 14. g5 Qf7 15.
Na5 Nb6 16. Bd3 Bf5 17. Bxf5 exf5 18. Be1 Bxe1 19. Qxe1+ Kd8 20. Qe5 Nc8 21.
Rae1 Qc7 22. Re3 b6 23. Nxc6+ Qxc6 24. Qxg7 Re8 25. Rxe8+ Qxe8 26. Qb7 Qe3+ 27.
Kg2 Qe2+ 28. Rf2 Qe4+ 29. Kf1 Qh1+ 30. Ke2 Qe4+ 31. Kd1 Qxd4+ 32. Ke1 Qe4+ 33.
Re2 Qh1+ 34. Kd2 Qf3 35. c3 Qxf4+ 36. Kc2 Rb8 37. Qxd5+ Kc7 38. Qf7+ Kc6 39.
Qe8+ Kb7 40. Qd7+ Qc7 41. Qxf5 Nd6 42. Qd5+ Ka6 43. Qd3+ Qc4 44. Qxc4+ Nxc4 45.
Re7 Rd8 46. b3 Rd2+ 47. Kc1 Rxa2 48. bxc4 Rxh2 1/2-1/2

[Event "Kavala GRE, 20th Open"]
[Site "Kavala GRE"]
[Date "2011.08.04"]
[Round "7"]
[White "Botsari, A."]
[Black "Tzintzios, G."]
[Result "1-0"]
[WhiteElo "2326"]
[BlackElo "2174"]
[PlyCount "71"]
[EventDate "2011.07.30"]
[EventRounds "9"]
[EventCountry "GRE"]

1. d4 Nf6 2. c4 e6 3. Nc3 Bb4 4. e3 O-O 5. Nge2 d5 6. a3 Be7 7. cxd5 exd5 8. g3
c6 9. Bg2 Na6 10. O-O Nc7 11. Nf4 Ne6 12. Nd3 Ng5 13. f3 Bh3 14. Bxh3 Nxh3+ 15.
Kg2 Ng5 16. Bd2 Qd7 17. g4 Bd6 18. Be1 Rfe8 19. h4 Nge4 20. fxe4 Nxg4 21. Qe2
dxe4 22. Nc5 Bxc5 23. dxc5 Ne5 24. Rd1 Qe6 25. Rd6 Qc4 26. Rd4 Qxc5 27. Nxe4
Qe7 28. Bg3 c5 29. Rd5 Ng6 30. Nd6 Nxh4+ 31. Bxh4 Qxh4 32. Nxe8 Rxe8 33. Qf3 f6
34. Rh5 Qa4 35. Qd5+ Kh8 36. Rxh7+ 1-0

[Event "Kavala GRE, 20th Open"]
[Site "Kavala GRE"]
[Date "2011.08.04"]
[Round "7"]
[White "Charkhalashvili, I."]
[Black "Nikolaou, G."]
[Result "1/2-1/2"]
[WhiteElo "2355"]
[BlackElo "2248"]
[PlyCount "36"]
[EventDate "2011.07.30"]
[EventRounds "9"]
[EventCountry "GRE"]

1. d4 Nf6 2. c4 g6 3. Nc3 Bg7 4. e4 d6 5. f3 O-O 6. Be3 c5 7. Nge2 Nc6 8. d5
Ne5 9. Nc1 e6 10. Be2 exd5 11. cxd5 a6 12. a4 Bd7 13. O-O Qc7 14. Bg5 b5 15.
axb5 axb5 16. Rxa8 Rxa8 17. Nxb5 Qb6 18. Nc3 Qxb2 1/2-1/2

[Event "Kavala GRE, 20th Open"]
[Site "Kavala GRE"]
[Date "2011.08.04"]
[Round "7"]
[White "Cherednichenko, S."]
[Black "Mamedov, N."]
[Result "0-1"]
[WhiteElo "2283"]
[BlackElo "2575"]
[PlyCount "86"]
[EventDate "2011.07.30"]
[EventRounds "9"]
[EventCountry "GRE"]

1. d4 g6 2. e4 Bg7 3. c4 d6 4. Nf3 Bg4 5. Be2 Nc6 6. Ng1 Bd7 7. Nf3 e5 8. Be3
Nf6 9. Nc3 Ng4 10. d5 Nxe3 11. fxe3 Ne7 12. Qd2 Bh6 13. h3 f5 14. g4 fxg4 15.
hxg4 Ng8 16. Rg1 Bg5 17. O-O-O Nh6 18. Nh2 O-O 19. Rg2 Nf7 20. Rh1 Be7 21. Nf3
Ng5 22. Nxg5 Bxg5 23. Nd1 Rf7 24. Kb1 Qe7 25. Qe1 Raf8 26. Qg3 c5 27. Rgh2 a6
28. Nc3 Qd8 29. Nd1 b5 30. Rf2 Rxf2 31. Nxf2 bxc4 32. Nd1 Qa5 33. Qe1 Qb4 34.
Qc3 Rb8 35. Qxb4 cxb4 36. Bxc4 Bxg4 37. Bxa6 Bf3 38. Rg1 Bxe4+ 39. Ka1 Bd8 40.
Bc4 Bb6 41. Re1 Rf8 42. a3 h5 43. b3 h4 0-1

[Event "Kavala GRE, 20th Open"]
[Site "Kavala GRE"]
[Date "2011.08.04"]
[Round "7"]
[White "Dounis, A."]
[Black "Mastrovasilis, A."]
[Result "0-1"]
[WhiteElo "2248"]
[BlackElo "2537"]
[PlyCount "70"]
[EventDate "2011.07.30"]
[EventRounds "9"]
[EventCountry "GRE"]

1. Nf3 Nf6 2. g3 d5 3. Bg2 c6 4. O-O Bf5 5. b3 e6 6. Bb2 Be7 7. d3 h6 8. Nbd2
O-O 9. Re1 a5 10. e4 Bh7 11. e5 Nfd7 12. Nd4 a4 13. Qg4 axb3 14. N2xb3 Na6 15.
f4 c5 16. f5 cxd4 17. fxe6 fxe6 18. Nxd4 Nac5 19. Nxe6 Nxe6 20. Qxe6+ Kh8 21.
Qxd5 Ra5 22. Qxb7 Nc5 23. Qc6 Na4 24. Bc1 Rxe5 25. Bf4 Qd4+ 26. Kh1 Re2 27.
Rac1 Nc3 28. h4 Rxf4 29. gxf4 Qf2 30. Rxe2 Nxe2 31. Qc8+ Bg8 32. Rb1 Ng3+ 33.
Kh2 Bd6 34. Kh3 Ne2 35. Qg4 Nxf4+ 0-1

[Event "Kavala GRE, 20th Open"]
[Site "Kavala GRE"]
[Date "2011.08.04"]
[Round "7"]
[White "Filippas, S."]
[Black "Kourousis, E."]
[Result "0-1"]
[WhiteElo "2246"]
[BlackElo "2273"]
[PlyCount "48"]
[EventDate "2011.07.30"]
[EventRounds "9"]
[EventCountry "GRE"]

1. e4 c6 2. d4 d5 3. exd5 cxd5 4. c4 Nf6 5. Nc3 e6 6. Nf3 Bb4 7. cxd5 Nxd5 8.
Qc2 O-O 9. Bd3 h6 10. O-O Nc6 11. Rd1 Bd6 12. Qe2 Nce7 13. Ne5 f6 14. Qe4 f5
15. Qf3 Bxe5 16. dxe5 Bd7 17. Nxd5 Nxd5 18. g4 f4 19. Qe4 Qg5 20. f3 Ne7 21.
Bc4 Bc6 22. Bxe6+ Kh8 23. Qe2 Ng6 24. Bf5 Rxf5 0-1

[Event "Kavala GRE, 20th Open"]
[Site "Kavala GRE"]
[Date "2011.08.04"]
[Round "7"]
[White "Gopal, G."]
[Black "Socko, B."]
[Result "1/2-1/2"]
[WhiteElo "2576"]
[BlackElo "2631"]
[PlyCount "69"]
[EventDate "2011.07.30"]
[EventRounds "9"]
[EventCountry "GRE"]

1. e4 c5 2. Nf3 e6 3. d4 cxd4 4. Nxd4 Nc6 5. Nc3 a6 6. Nxc6 bxc6 7. Bd3 d5 8.
O-O Nf6 9. Re1 Be7 10. e5 Nd7 11. Na4 Qc7 12. Bf4 Bb7 13. c4 d4 14. b3 c5 15.
Nb2 h5 16. h3 a5 17. Be4 Bxe4 18. Rxe4 Qc6 19. Re1 f5 20. Qd2 h4 21. Bg5 Bxg5
22. Qxg5 Kf7 23. Nd3 Rh6 24. f3 Qb6 25. Kh2 Nb8 26. Rab1 Na6 27. a3 Rb8 28. Rb2
Qc7 29. Qd2 Rhh8 30. Reb1 Rb7 31. Kh1 Rh6 32. Qg5 Rb8 33. Qd2 Rb7 34. Qg5 Rb8
35. Qd2 1/2-1/2

[Event "Kavala GRE, 20th Open"]
[Site "Kavala GRE"]
[Date "2011.08.04"]
[Round "7"]
[White "Hadzimanolis, A."]
[Black "Marjanovic, S."]
[Result "1/2-1/2"]
[WhiteElo "2322"]
[BlackElo "2469"]
[PlyCount "90"]
[EventDate "2011.07.30"]
[EventRounds "9"]
[EventCountry "GRE"]

1. e4 c5 2. c3 Nf6 3. e5 Nd5 4. d4 cxd4 5. Nf3 Nc6 6. cxd4 d6 7. Bc4 Nb6 8. Bb3
d5 9. Nh4 e6 10. Nf3 Be7 11. O-O Bd7 12. Nc3 Rc8 13. a3 O-O 14. Qd3 f5 15. exf6
Bxf6 16. Bc2 g6 17. Re1 Nc4 18. Ba4 Qb6 19. Bxc6 Qxc6 20. Ne5 Nxe5 21. dxe5 Bg7
22. Qd4 a5 23. Be3 Qa6 24. f4 Rc4 25. Qd2 g5 26. b3 Rc7 27. Ne2 gxf4 28. Bxf4
Bb5 29. Nd4 Bd3 30. Rac1 Rcf7 31. g3 Be4 32. Rc5 Bh6 33. Nxe6 Qxe6 34. Bxh6 Re8
35. Bf4 b6 36. Rc3 Qh3 37. Rec1 Re6 38. Rc8+ Kg7 39. R8c6 Rxc6 40. Rxc6 Rxf4
41. gxf4 Qg4+ 42. Kf1 Qf3+ 43. Qf2 Qd1+ 44. Qe1 Qf3+ 45. Qf2 Qd1+ 1/2-1/2

[Event "Kavala GRE, 20th Open"]
[Site "Kavala GRE"]
[Date "2011.08.04"]
[Round "7"]
[White "Halkias, S."]
[Black "Atalik, E."]
[Result "0-1"]
[WhiteElo "2600"]
[BlackElo "2436"]
[PlyCount "120"]
[EventDate "2011.07.30"]
[EventRounds "9"]
[EventCountry "GRE"]

1. d4 d5 2. c4 c6 3. Nf3 Nf6 4. Nc3 dxc4 5. a4 e6 6. e4 Bb4 7. Bg5 Bxc3+ 8.
bxc3 Qa5 9. e5 Ne4 10. Rc1 b5 11. Qc2 Nxg5 12. Nxg5 Qxa4 13. Qxa4 bxa4 14. Bxc4
Nd7 15. O-O Ke7 16. Ne4 Rd8 17. Nd6 Nb6 18. Be2 Nd5 19. c4 Nb4 20. c5 a3 21.
Bc4 a5 22. Rc3 a2 23. Ra1 Ba6 24. Bxa2 Rdb8 25. h4 a4 26. Rg3 Bd3 27. h5 a3 28.
Rxg7 Rf8 29. Rg3 Be2 30. Rb3 Rfb8 31. Bb1 a2 32. Bxa2 Bxh5 33. Rab1 Ra4 34.
R1b2 Bd1 35. Nc8+ Kd8 36. Nb6 Bxb3 37. Bxb3 Ra1+ 38. Kh2 Nd5 39. Bxd5 cxd5 40.
Rb3 Rd1 41. Rf3 Ke7 42. Rf4 Rd2 43. g3 Rg8 44. Kg2 h5 45. Kf3 Rg4 46. Rxg4
hxg4+ 47. Ke3 Rc2 48. Nc8+ Kd7 49. Nd6 Rc3+ 50. Kf4 Rf3+ 51. Kxg4 Rxf2 52. Kg5
Rd2 53. Kf6 Rxd4 54. Kxf7 Rg4 55. Nb5 d4 56. Na7 d3 57. c6+ Kc7 58. Kxe6 d2 59.
Nb5+ Kxc6 60. Nc3 Rxg3 0-1

[Event "Kavala GRE, 20th Open"]
[Site "Kavala GRE"]
[Date "2011.08.04"]
[Round "7"]
[White "Kohlweyer, B."]
[Black "Przezdziecka, M."]
[Result "1-0"]
[WhiteElo "2494"]
[BlackElo "2249"]
[PlyCount "59"]
[EventDate "2011.07.30"]
[EventRounds "9"]
[EventCountry "GRE"]

1. Nf3 Nf6 2. c4 g6 3. Nc3 d5 4. cxd5 Nxd5 5. Qc2 Nb4 6. Qa4+ N4c6 7. d4 Bg7 8.
Bf4 O-O 9. O-O-O a6 10. e4 Bg4 11. d5 Bxf3 12. gxf3 Ne5 13. Be3 Nbd7 14. f4 Ng4
15. e5 Nxe3 16. fxe3 f6 17. Bh3 b5 18. Qb3 Nc5 19. Qb4 Nb7 20. Be6+ Kh8 21. h4
Qe8 22. h5 gxh5 23. Rdg1 fxe5 24. fxe5 Nd8 25. Qe4 Nxe6 26. dxe6 Rf2 27. Rg5
Qf8 28. Nd1 Re2 29. Rgxh5 h6 30. Qg6 1-0

[Event "Kavala GRE, 20th Open"]
[Site "Kavala GRE"]
[Date "2011.08.04"]
[Round "7"]
[White "Lagopatis, N."]
[Black "Zysk, R."]
[Result "0-1"]
[WhiteElo "2181"]
[BlackElo "2437"]
[PlyCount "100"]
[EventDate "2011.07.30"]
[EventRounds "9"]
[EventCountry "GRE"]

1. e4 e6 2. d4 d5 3. exd5 Qxd5 4. Nf3 Nf6 5. Nc3 Bb4 6. Be2 Ne4 7. Qd3 Nxc3 8.
bxc3 Be7 9. c4 Qd8 10. O-O Nc6 11. Rb1 O-O 12. Rd1 b6 13. d5 Nb4 14. Qb3 exd5
15. cxd5 Bd6 16. Qc3 Nxa2 17. Qd4 Nxc1 18. Rbxc1 a5 19. Ra1 Bd7 20. Bd3 Re8 21.
c4 h6 22. Ra2 Re7 23. g3 Qf8 24. h4 g6 25. h5 g5 26. Kg2 Qg7 27. Rb1 Bc5 28.
Qxg7+ Kxg7 29. Nd2 Rae8 30. Kf3 f5 31. Nb3 Bb4 32. Nd4 Kf6 33. Kg2 Ke5 34. Nf3+
Kd6 35. Nd4 Rf8 36. Kf3 Bc5 37. Nb5+ Bxb5 38. Rxb5 Bb4 39. Ra4 Re5 40. Ra1 g4+
41. Kg2 f4 42. gxf4 Rxf4 43. Rd1 Rf3 44. Kf1 Rxh5 45. Be2 Rf4 46. Rd3 Rh2 47.
f3 Rxc4 48. fxg4 Re4 49. Rxb4 Rxb4 50. Rd1 Rb2 0-1

[Event "Kavala GRE, 20th Open"]
[Site "Kavala GRE"]
[Date "2011.08.04"]
[Round "7"]
[White "Maiorov, N."]
[Black "Gupta, A."]
[Result "1/2-1/2"]
[WhiteElo "2535"]
[BlackElo "2627"]
[PlyCount "95"]
[EventDate "2011.07.30"]
[EventRounds "9"]
[EventCountry "GRE"]

1. d4 Nf6 2. c4 g6 3. Nf3 Bg7 4. g3 d5 5. cxd5 Nxd5 6. Bg2 Nb6 7. Nc3 Nc6 8. e3
O-O 9. O-O Re8 10. Re1 a5 11. Ng5 e5 12. d5 Qxg5 13. dxc6 Rd8 14. Qc2 bxc6 15.
Bxc6 Rb8 16. b3 Ba6 17. Bb2 Bd3 18. Qc1 f5 19. Nb5 Qe7 20. Qc3 Bxb5 21. Bxb5 e4
22. Qxg7+ Qxg7 23. Bxg7 Kxg7 24. Rac1 Nd5 25. Rc5 Nb4 26. Rxc7+ Kh6 27. Bd7 Rb6
28. Rd1 Nd3 29. Bc6 Rd6 30. Ba4 Nb4 31. Rcc1 Rxd1+ 32. Rxd1 Nxa2 33. Rd5 Nb4
34. Rxa5 Rd6 35. g4 fxg4 36. Re5 Rd1+ 37. Kg2 Nd3 38. Rxe4 Kg5 39. Rd4 h5 40.
b4 Ne1+ 41. Kf1 Rb1 42. Rd5+ Kf6 43. Bd1 Nf3 44. b5 Ke6 45. e4 h4 46. Kg2 Ne1+
47. Kf1 Nf3 48. Kg2 1/2-1/2

[Event "Kavala GRE, 20th Open"]
[Site "Kavala GRE"]
[Date "2011.08.04"]
[Round "7"]
[White "Markidis, K."]
[Black "Ketzetzis, G."]
[Result "0-1"]
[WhiteElo "2330"]
[BlackElo "2164"]
[PlyCount "98"]
[EventDate "2011.07.30"]
[EventRounds "9"]
[EventCountry "GRE"]

1. e4 c6 2. d4 d5 3. e5 Bf5 4. h4 h5 5. c4 e6 6. Nc3 Ne7 7. Nge2 dxc4 8. Ng3 b5
9. Bg5 Qa5 10. a4 b4 11. Nce4 Bxe4 12. Nxe4 Nf5 13. Bxc4 Nd7 14. Rh3 Be7 15.
Qd2 Rd8 16. Rd3 Bxg5 17. hxg5 Nf8 18. Nc5 Rb8 19. Nb3 Qc7 20. Rc1 Ng6 21. Rh3
Qd8 22. Be2 h4 23. Bf3 O-O 24. Rxc6 Rc8 25. Rxc8 Qxc8 26. Be4 Rd8 27. Rd3 Qc4
28. Na5 Qa2 29. Nc6 Rd7 30. b3 Qb1+ 31. Ke2 Qg1 32. Rh3 Nxe5 33. Qe1 Qxe1+ 34.
Kxe1 Nxc6 35. Bxc6 Rxd4 36. Bb5 Kh7 37. Rh1 Kg6 38. Ke2 Rg4 39. Bd3 Kxg5 40.
Rc1 Nd4+ 41. Kf1 Nxb3 42. Rc7 Rd4 43. Be2 Nd2+ 44. Ke1 b3 45. Rb7 Ne4 46. a5
Ra4 47. Bd3 Ra1+ 48. Ke2 Ra2+ 49. Ke3 Nxf2 0-1

[Event "Kavala GRE, 20th Open"]
[Site "Kavala GRE"]
[Date "2011.08.04"]
[Round "7"]
[White "Papadimitriou, A."]
[Black "Vuilleumier, A."]
[Result "1-0"]
[WhiteElo "2184"]
[BlackElo "2374"]
[PlyCount "73"]
[EventDate "2011.07.30"]
[EventRounds "9"]
[EventCountry "GRE"]

1. Nf3 c5 2. g3 Nc6 3. c4 e5 4. Nc3 g6 5. Bg2 Bg7 6. O-O Nge7 7. Ne1 O-O 8. Nc2
d6 9. d3 Be6 10. Ne3 Qd7 11. Ned5 Bh3 12. e4 Bxg2 13. Kxg2 Nxd5 14. Nxd5 Ne7
15. Bd2 Nxd5 16. cxd5 f5 17. b4 cxb4 18. Bxb4 h5 19. Qb3 Bh6 20. f3 Be3 21.
Rab1 f4 22. Be1 Rf7 23. Bf2 Bxf2 24. Rxf2 g5 25. d4 fxg3 26. hxg3 exd4 27. Qd1
g4 28. f4 Rh7 29. Qxd4 h4 30. gxh4 Qe7 31. Rh1 Rxh4 32. Rff1 Rc8 33. Kg3 Rh3+
34. Rxh3 gxh3 35. Rg1 Kh7 36. Kxh3 Qf7 37. Rg4 1-0

[Event "Kavala GRE, 20th Open"]
[Site "Kavala GRE"]
[Date "2011.08.04"]
[Round "7"]
[White "Pavlidis, A."]
[Black "Socko, M."]
[Result "1/2-1/2"]
[WhiteElo "2420"]
[BlackElo "2490"]
[PlyCount "27"]
[EventDate "2011.07.30"]
[EventRounds "9"]
[EventCountry "GRE"]

1. e4 c5 2. Nf3 e6 3. d4 cxd4 4. Nxd4 Nc6 5. Nc3 a6 6. Nxc6 bxc6 7. Bd3 d5 8.
O-O Nf6 9. Qf3 Be7 10. Qg3 Nh5 11. Qe5 Nf6 12. Qg3 Nh5 13. Qe5 Nf6 14. Qg3
1/2-1/2

[Event "Kavala GRE, 20th Open"]
[Site "Kavala GRE"]
[Date "2011.08.04"]
[Round "7"]
[White "Raznikov, D."]
[Black "Raeva, E."]
[Result "1-0"]
[WhiteElo "2434"]
[BlackElo "2324"]
[PlyCount "73"]
[EventDate "2011.07.30"]
[EventRounds "9"]
[EventCountry "GRE"]

1. d4 Nf6 2. c4 c5 3. d5 g6 4. Nc3 Bg7 5. Nf3 O-O 6. e4 d6 7. h3 Na6 8. Bd3 Nc7
9. O-O e5 10. Bg5 h6 11. Bd2 Nh5 12. Re1 Nf4 13. Bf1 g5 14. Nh2 f5 15. g3 Ng6
16. exf5 Bxf5 17. Bg2 Rb8 18. Ne4 Ne8 19. Ng4 Qd7 20. b4 b6 21. Rb1 Rc8 22.
bxc5 Rxc5 23. Nxc5 dxc5 24. Rc1 Nd6 25. Bc3 Nxc4 26. d6 Kh8 27. Qd5 Be6 28. Qd3
Qf7 29. Rf1 Rd8 30. Be4 Rxd6 31. Qe2 Ne7 32. Bc2 Nc6 33. Qe4 Kg8 34. Qh7+ Kf8
35. Nxh6 Qh5 36. f4 gxf4 37. Rxf4+ 1-0

[Event "Kavala GRE, 20th Open"]
[Site "Kavala GRE"]
[Date "2011.08.04"]
[Round "7"]
[White "Sandipan, C."]
[Black "Burmakin, V."]
[Result "1/2-1/2"]
[WhiteElo "2656"]
[BlackElo "2579"]
[PlyCount "115"]
[EventDate "2011.07.30"]
[EventRounds "9"]
[EventCountry "GRE"]

1. d4 c6 2. c4 d5 3. Nf3 Nf6 4. Nc3 a6 5. a4 e6 6. g3 Nbd7 7. Bg2 a5 8. O-O Bb4
9. Qb3 O-O 10. Rd1 b6 11. cxd5 cxd5 12. Bf4 Ba6 13. Nb5 Qe7 14. Rdc1 Rac8 15.
Ne1 Bxb5 16. axb5 Bd6 17. Bxd6 Qxd6 18. Qa3 Qxa3 19. bxa3 Ne4 20. Bxe4 dxe4 21.
Ng2 Nf6 22. Ne3 Nd5 23. Kf1 Nxe3+ 24. fxe3 f5 25. Rab1 Kf7 26. Rc6 Rxc6 27.
bxc6 Rb8 28. Kf2 g5 29. h4 h6 30. a4 g4 31. c7 Rc8 32. Rxb6 Rxc7 33. Ra6 Rc1
34. Rxa5 Ra1 35. Ra7+ Kf6 36. Ra6 Ke7 37. h5 Kf7 38. a5 Ke7 39. Ra7+ Kf6 40. a6
Kg5 41. Rg7+ Kf6 42. Rg6+ Kf7 43. Rxh6 Rxa6 44. d5 Ra1 45. Rxe6 Rd1 46. Rd6 Ke7
47. Rg6 Rxd5 48. h6 Rd1 49. Rg5 Kf6 50. Rh5 Rd8 51. h7 Rh8 52. Ke1 Kg6 53. Rh1
Rxh7 54. Rxh7 Kxh7 55. Kd2 Kg7 56. Kc3 Kf6 57. Kb4 Ke6 58. Kc4 1/2-1/2

[Event "Kavala GRE, 20th Open"]
[Site "Kavala GRE"]
[Date "2011.08.04"]
[Round "7"]
[White "Stathopoulos, I."]
[Black "Kolev, A."]
[Result "0-1"]
[WhiteElo "2122"]
[BlackElo "2590"]
[PlyCount "66"]
[EventDate "2011.07.30"]
[EventRounds "9"]
[EventCountry "GRE"]

1. d4 Nf6 2. c4 e6 3. Nf3 d5 4. Bg5 Bb4+ 5. Nc3 dxc4 6. e3 b5 7. a4 c6 8. Be2
Nbd7 9. O-O Qb6 10. Ne5 Bxc3 11. Nxd7 Bxd7 12. Bxf6 Bxb2 13. Bxg7 Rg8 14. Bf6
Bxa1 15. Qxa1 b4 16. Bxc4 Qa5 17. Bd3 Qh5 18. Be4 Rc8 19. Qb1 a5 20. f4 Qe2 21.
Re1 Qd2 22. g3 c5 23. Bxh7 cxd4 24. exd4 Bc6 25. Be4 Qxf4 26. Bxc6+ Rxc6 27.
Qh7 Rxg3+ 28. hxg3 Qxg3+ 29. Kf1 Qf3+ 30. Kg1 Qxf6 31. d5 Qd4+ 32. Kf1 Qxd5 33.
Qh8+ Kd7 0-1